1164 1633 1369 1811 1762 1267 1626 1411 1991 1367 1951 1691 1539 1330 1552 1578 1476 1049 1427 1372 1596 1061 1407 1159 1966 1116 1875 1122 1480 1246 1108 1749 1034 1430 1658 1651 1441 1476 1185 1245 1162 1066 1170 1451 1640 1683 1521 1333 1230 1017 1566 1143 1381 1856 1255 1717 1464 1455 1971 1284 1603 1359 1400 1680 1456 1520 1366 1029 1282 1314 1988 1955 1814 1085 1315 1395 1338 1041 1448 1369 1419 1927 1552 1534 1842 1371 1879 1280 1735 1478 1736 1968 1628 1812 1731 1980 1069 1936 1863 BCNSPRNW ULIB Ver.6.0+V

เปลี่ยนเป็นภาษาไทย

Change to English
 แสดงรายละเอียดบรรณานุกรม
  กลับหน้าหลัก

Brief Record : Get Marc (ISO 2709) : E-mail record : QR code < ปิดหน้าต่าง
LEADER : 00000nam 2200000uu 4500
001    13399108816
003     ULIB
008    110315s2543||||th 000 0 tha d
020    9742934639
060  4 W84.6ฌ112ค 2543
100 0  ฌานณวงศ์ บุรพัฒน์
110 1  กระทรวงสาธารณสุข^bสำนักงานคณะกรรมการสาธารณสุขมูลฐาน
245 00 คำและความหมายในงานสาธารณสุขมูลฐาน/^cฌานณวงศ์ บุรพัฒน์
250    พิมพ์ครั้งที่ 1
260    นนทบุรี:^bสำนักงานคณะกรรมการสาธารณสุขมูลฐาน,^c2543
300    63 หน้า:^cภาพประกอบสี
650  7 สาธารณสุขมูลฐาน^xศัพท์บัญญัติ
700 0  รัตติยา ศีลสารรุ่งเรื่อง
945    ^p0^l0^i013078
945    ^p0^l0^i013079
945    ^p0^l0^i013077
995    ทศพร
999 ^a ใช้งานได้ทุกระบบ
รายการนี้ยังไม่มีแท็ก
คุณยังไม่ได้ล็อกอิน คุณสามารถมีกิจกรรมร่วมกับเว็บไซต์ได้ แต่ต้องล็อกอินก่อน ::
  ล็อกอิน

รายการสื่อสารสนเทศ

ลำดับที่ ประเภท เลขเรียก/บาร์โค้ด สถานที่ สถานะ
- ไม่พบข้อมูล -

BibComment


ยังไม่เคยถูกคอมเมนท์

คอมเมนท์ทรัพยากรรายการนี้
  คอมเมนท์: คำและความหมายในงา..


 Copyright 2026. Bcnsprnw @Library